Electromechanical energy conversion (Record no. 7935)

000 -LEADER
fixed length control field 00468nam a22001817a 4500
001 - CONTROL NUMBER
control field 7935
003 - CONTROL NUMBER IDENTIFIER
control field BD-DhUET
008 - FIXED-LENGTH DATA ELEMENTS--GENERAL INFORMATION
fixed length control field 141214b xxu||||| |||| 00| 0 eng d
040 ## - CATALOGING SOURCE
Original cataloging agency DLC
Transcribing agency DLC
Modifying agency BD-DhUET
082 ## - DEWEY DECIMAL CLASSIFICATION NUMBER
Classification number 623.13
Item number GOU/1965
100 ## - MAIN ENTRY--PERSONAL NAME
Personal name Gourishankar, Vembu
245 ## - TITLE STATEMENT
Title Electromechanical energy conversion
250 ## - EDITION STATEMENT
Edition statement 1st ed.
260 ## - PUBLICATION, DISTRIBUTION, ETC. (IMPRINT)
Place of publication, distribution, etc. Scranton
Name of publisher, distributor, etc. International textbook
Date of publication, distribution, etc. 1965
300 ## - PHYSICAL DESCRIPTION
Extent xviii, 564p.
Other physical details ill.
650 #0 - SUBJECT ADDED ENTRY--TOPICAL TERM
Topical term or geographic name as entry element Electric machinery
942 ## - ADDED ENTRY ELEMENTS (KOHA)
Koha item type General Book
Holdings
Copy number Location (home branch) Koha item type Not for loan Damaged status Sublocation or collection (holding branch) Shelving location Piece designation (barcode) Price effective from Koha full call number Koha date last seen Lost status Withdrawn status Date acquired Source of classification or shelving scheme Koha normalized classification for sorting
1Central Library, BUETGeneral Book  Central Library, BUETCirculation section164942014-12-14623.13/GOU/19652014-12-14  2014-12-14 623_130000000000000_GOU_1965
2Central Library, BUETGeneral Book  Central Library, BUETCirculation section190142015-05-03623.13/GOU/19652015-05-03  2015-05-03 623_130000000000000_GOU_1965
3Central Library, BUETGeneral Book  Central Library, BUETCirculation section164932015-05-03623.13/GOU/19652015-05-03  2015-05-03 623_130000000000000_GOU_1965
4Central Library, BUETGeneral Book  Central Library, BUETCirculation section164922015-05-03623.13/GOU/19652015-05-03  2015-05-03 623_130000000000000_GOU_1965
5Central Library, BUETGeneral Book  Central Library, BUETCirculation section164962015-05-03623.13/GOU/19652015-05-03  2015-05-03 623_130000000000000_GOU_1965
6Central Library, BUETGeneral Book  Central Library, BUETCirculation section164952015-05-03623.13/GOU/19652015-05-03  2015-05-03 623_130000000000000_GOU_1965
7Central Library, BUETGeneral Book  Central Library, BUETCirculation section265242015-07-12623.13/GOU/19652015-07-12  2015-07-12 623_130000000000000_GOU_1965